| 000 -LEADER |
| fixed length control field |
00342nam a22001337a 4500 |
| 008 - FIXED-LENGTH DATA ELEMENTS--GENERAL INFORMATION |
| fixed length control field |
210218b ||||| |||| 00| 0 eng d |
| 082 00 - DEWEY DECIMAL CLASSIFICATION NUMBER |
| Classification number |
954.042 |
| Item number |
R172 |
| 100 ## - MAIN ENTRY--PERSONAL NAME |
| 9 (RLIN) |
4855 |
| Personal name |
Ram Gopal |
| 245 10 - TITLE STATEMENT |
| Title |
Trials of Jawaharlal Nehru |
| 260 ## - PUBLICATION, DISTRIBUTION, ETC. (IMPRINT) |
| Place of publication, distribution, etc |
Bombay: |
| Name of publisher, distributor, etc |
Book Centre |
| Date of publication, distribution, etc |
1962 |
| 300 ## - PHYSICAL DESCRIPTION |
| Extent |
xix,133p. |
| 650 #0 - SUBJECT ADDED ENTRY--TOPICAL TERM |
| Topical term or geographic name as entry element |
Biography |
| 942 ## - ADDED ENTRY ELEMENTS (KOHA) |
| Item type |
Books |